000
00253nam a2200109Ia 4500
008
190216s9999||||xx |||||||||||||| ||und||
100
_a
Abid Husain S
245
4
_a
The National Culture Of India
260
_b
Nbt India
650
_a
History
942
_c
BK
999
_c
19886
_d
19886